[Event "Tirol Landesliga 2223"]
[Site "Austria"]
[Date "2022.11.27"]
[Round "4.4"]
[White "Bodner, Karl"]
[Black "Steiner, Heinrich Jr"]
[Result "0-1"]
[WhiteElo "1899"]
[BlackElo "2104"]
[PlyCount "78"]
[EventDate "2022.10.01"]
[EventType "team-tourn"]
[EventRounds "9"]
[EventCountry "AUT"]
[SourceTitle "EXT 2024"]
[Source "ChessBase"]
[SourceDate "2023.10.10"]
[SourceVersion "1"]
[SourceVersionDate "2023.10.10"]
[SourceQuality "1"]
[WhiteTeam "Hall/Mils"]
[BlackTeam "Voels/Innsbruck"]
[WhiteTeamCountry "AUT"]
[BlackTeamCountry "AUT"]

1. e4 c5 2. d4 cxd4 3. Nf3 e6 4. Nxd4 a6 5. Nc3 Qc7 6. Bd3 Nf6 7. Bd2 d6 8. f4 Be7 9. Qe2 Nbd7 10. g4 Nc5 11. g5 Nfd7 12. Rf1 b5 13. f5 Ne5 14. fxe6 fxe6 15. Qh5+ g6 16. Qh3 Nexd3+ 17. cxd3 b4 18. Nce2 e5 19. Qe3 exd4 20. Qxd4 Rf8 21. Rxf8+ Bxf8 22. Qe3 Ne6 23. Bxb4 Qa7 24. d4 Bg7 25. Bc3 Qe7 26. h4 Bb7 27. 0-0-0 Nc7 28. Ng3 Nd5 29. Qd3 Nxc3 30. bxc3 Qe6 31. Rd2 Rc8 32. Rb2 Rc7 33. Kb1 Qf7 34. Qe3 Kd8 35. Rb6 Qe7 36. Kb2 Kc8 37. Qd3 Bf8 38. c4 Qf7 39. d5 Qf2+ 0-1